000 00838nam a2200217Ia 4500
003 OSt
005 20241030160558.0
007 ca aa aaaaa
008 201103s9999 xx 000 0 und d
040 _cSSBUL
041 _abur
082 _223
_a၂၉၄.၃၄၄၃၅ ကော
_b၉၃၅၂(၁) S-SAT
100 0 _aကောသလ္လ၊ ဦး။
_917422
245 1 0 _aဘာဝနာအလင်းပြကမ္မဋ္ဌာန်းကျမ်း /
_cဦးကောသလ။
260 _a[နေရာမပါ] ၊
_b[ထုတ်ဝေသူမပါ]၊
_c[ခုနှစ်မပါ]။
300 _a၉၇ စာမျက်နှာ ၊
_c၁၉ စင်တီ။
500 _aS-SAT: Dr. Sai Aung Tun
650 _aဝိပဿနာ
650 _aကမ္မဋ္ဌာန်း
942 _2ddc
_cBK1
999 _c16862
_d16862